Elements of Data compression (Record no. 20144)
[ view plain ]
| 000 -LEADER | |
|---|---|
| fixed length control field | 00316nam a2200145Ia 4500 |
| 082 ## - DEWEY DECIMAL CLASSIFICATION NUMBER | |
| Classification number | 5.746 |
| Item number | DRO |
| 100 ## - MAIN ENTRY--PERSONAL NAME | |
| Personal name | Drozdek/Adam |
| 245 ## - TITLE STATEMENT | |
| Title | Elements of Data compression |
| 260 ## - PUBLICATION, DISTRIBUTION, ETC. | |
| Name of publisher, distributor, etc. | Thomsan Learning/Vikas |
| Date of publication, distribution, etc. | 2002 |
| 300 ## - PHYSICAL DESCRIPTION | |
| Extent | 221 |
| 546 ## - LANGUAGE NOTE | |
| Language note | ENGLISH |
| 654 ## - SUBJECT ADDED ENTRY--FACETED TOPICAL TERMS | |
| Focus term | data compression |
| 942 ## - ADDED ENTRY ELEMENTS (KOHA) | |
| Koha item type | BOOK |
| Withdrawn status | Lost status | Damaged status | Not for loan | Collection | Home library | Current library | Date acquired | Total Checkouts | Full call number | Barcode | Date last seen | Price effective from | Koha item type |
|---|---|---|---|---|---|---|---|---|---|---|---|---|---|
| CRC | Fr. Agnel's C.Rodrigues College of Engineering | Fr. Agnel's C.Rodrigues College of Engineering | 17/03/2023 | 5.746 DRO | 15527 | 17/03/2023 | 17/03/2023 | BOOK | |||||
| CRC | Fr. Agnel's C.Rodrigues College of Engineering | Fr. Agnel's C.Rodrigues College of Engineering | 17/03/2023 | 5.746 DRO | 15528 | 17/03/2023 | 17/03/2023 | BOOK | |||||
| CRC | Fr. Agnel's C.Rodrigues College of Engineering | Fr. Agnel's C.Rodrigues College of Engineering | 17/03/2023 | 5.746 DRO | 15529 | 17/03/2023 | 17/03/2023 | BOOK | |||||
| CRC | Fr. Agnel's C.Rodrigues College of Engineering | Fr. Agnel's C.Rodrigues College of Engineering | 17/03/2023 | 5.746 DRO | 15530 | 17/03/2023 | 17/03/2023 | BOOK | |||||
| CRC | Fr. Agnel's C.Rodrigues College of Engineering | Fr. Agnel's C.Rodrigues College of Engineering | 17/03/2023 | 5.746 DRO | 15531 | 17/03/2023 | 17/03/2023 | BOOK |